Sports Quiz

Random Sports or Soccer Quiz

Adversaires du FC Sion en finale de coupe Quiz Stats

 Plays Quiz not verified by Sporcle

Challenge
Share
Tweet
Embed
Score 0/13 Timer 02:00
0 Plays Today
année équipe % Correct
1965Servette
84%
2009Young Boys
68%
1986Servette
64%
2006Young Boys
64%
2011Xamax
63.6%
2015Bâle
63.6%
1980Young Boys
60%
1982Bâle
60%
1991Young Boys
60%
1996Servette
60%
1974Xamax
56%
1995Grasshopper
52%
1997Lucerne
36%

You're not logged in!

Compare scores with friends on all Sporcle quizzes.
OR
Log In

You Might Also Like...

Show Comments

Extras

Top Quizzes Today


Score Distribution

Your Account Isn't Verified!

In order to create a playlist on Sporcle, you need to verify the email address you used during registration. Go to your Sporcle Settings to finish the process.

Report this User

Report this user for behavior that violates our Community Guidelines.

Details: